Normal view
MARC view
Entry Personal Name
001 - CONTROL NUMBER
- control field: 30126
003 - CONTROL NUMBER IDENTIFIER
- control field: OSt
005 - DATE AND TIME OF LATEST TRANSACTION
- control field: 20251215063659.0
008 - FIXED-LENGTH DATA ELEMENTS
- fixed length control field: 251215|| aca||aabn | a|a d
040 ## - CATALOGING SOURCE
- Original cataloging agency: OSt
- Transcribing agency: OSt
100 ## - HEADING--PERSONAL NAME
- Personal name: Jill,Nelmes
670 ## - SOURCE DATA FOUND
- Source citation: Work cat.: (OSt)47604: Jill,Nelmes, An Introduction to Film Studies, 2006


